000 00296nam a22001457a 4500
008 210311b ||||| |||| 00| 0 eng d
020 _a9781285437422
041 _aeng
080 _26th
_a32
082 _a32
100 _a19
101 _aSHP
245 _aGOVT
_cSidlow, E
942 _2udc
_cBK
999 _c56412
_d56412